000 00771cab a2200241 4500
001 WB3330-36
008 090401t1997 xxu||||| |||| 00| 0 eng d
035 _a(Sirsi) u79993
041 _aeng
245 _aHomes review threat to green belt
260 _c1997
350 _a0
490 _aIndependent
_v29 July 1997, 6(1)
520 _aThe government is to review targets set by the last government for at least 60 per cent of all new homes to be built within existing towns and cities rather than on green fields and woods.
650 _aGREENFIELD SITES
650 _aHOUSE BUILDING
650 _aHOUSEHOLD PROJECTIONS
650 _aHOUSING
650 _aLABOUR GOVERNMENT
690 _aPLANNING LAW AND PRACTICE
942 _n0
948 _c29/07/1997
999 _c50343
_d50343